| 000 | 00975nam a22002897a 4500 | ||
|---|---|---|---|
| 001 | BR8704764 | ||
| 003 | BR-BrBNA | ||
| 005 | 20230928092718.0 | ||
| 007 | ta | ||
| 008 | 230509b bl.||||| |||| 00| 0 por d | ||
| 040 |
_aBR-BrBNA _bpor _cBiblioteca Nacional de Agricultura |
||
| 041 | _a(Por) | ||
| 072 |
_aL53 _b5212 |
||
| 090 | _ 5212 BR8704764 | ||
| 100 | 1 | _aRuas, J.R.M. | |
| 110 | 1 |
_aUniversidade Federal de Minas Gerais, Belo Horizonte (Brasil). Escola de Veterinaria _0Tese (Mestrado) |
|
| 245 | 1 | _aAvaliacao de um novo instrumento para transferencia nao cirurgica de embrioes bovinos | |
| 246 | 1 | _a[Evaluation of a new instrument for non-surgical bovine embryo transfer] | |
| 260 | 3 |
_aBelo Horizonte, MG (Brasil): _c1986. |
|
| 300 | _a69 p. | ||
| 500 | _aBibliography p. 36-42 (55 ref.); Summary (Por); 9 tables | ||
| 650 | _aBOVINO | ||
| 650 | _aEMBRIAO | ||
| 650 | _aTRANSFERENCIA DE EMBRIAO | ||
| 909 |
_a202309 _bLucia _c55 _dLucia Elande |
||
| 942 | _cBK | ||
| 999 |
_c40743 _d40743 |
||